Bottom Countries in Each Continent - Statistics

General Stats
  • This quiz has been taken 196 times
    183 since last reset
  • The average score is 27 of 38
Answer Stats
Country % Correct
Vatican City
95%
Canada
90%
Suriname
89%
Nauru
87%
Guyana
85%
Mongolia
84%
Saint Kitts and Nevis
84%
Australia
83%
Tuvalu
82%
Seychelles
80%
Haiti
78%
Argentina
76%
Bolivia
76%
Iceland
76%
Venezuela
76%
Maldives
75%
Monaco
74%
Qatar
74%
Saint Vincent and the Grenadines
73%
Brunei
72%
Moldova
71%
Uruguay
71%
Bahamas
69%
D. R. Congo
68%
São Tomé and Príncipe
68%
Dominica
67%
Ukraine
67%
Kiribati
65%
Solomon Islands
63%
Andorra
60%
Namibia
60%
San Marino
55%
Lesotho
51%
Yemen
51%
Gambia
47%
Egypt
46%
Jordan
45%
South Sudan
44%
No matching quizzes found
Score Distribution
Percent of People with Each Score
Percentile by Number Answered
Your Score History
You have not taken this quiz since the last reset